| 000 | 01017nac a22002171u 4500 | ||
|---|---|---|---|
| 008 | 090201t2001 xxu||||| |||| 00| 0 eng d | ||
| 010 | _a00068030 | ||
| 020 | _a0632056517 | ||
| 082 | 0 | 0 |
_a692.8 _bRED |
| 100 |
_aRedmond, John, _923509 |
||
| 245 | 1 | 0 |
_aAdjudication in Construction Contracts / _cJohn Redmond. |
| 260 |
_aOxford ; _aMalden, MA : _bBlackwell Science, _cc2001. |
||
| 300 |
_aix, 262 p. ; _c25 cm. |
||
| 500 | _aIncludes index. | ||
| 610 | 1 | 0 |
_aGreat Britain. _923510 |
| 650 | 0 |
_aConstruction contracts _zGreat Britain. _923511 |
|
| 650 | 0 |
_aArbitration and award _zGreat Britain. _923512 |
|
| 942 |
_cBB _k692.8 RED _2ddc |
||
| 999 |
_c5751 _d5751 |
||